000 00799nam a2200265Ii 4500
001 5672
003 GBCCL
005 20241126110407.0
008 790222c19751965hk 00010 eng d
035 _aOCM04681559 830624
040 _aCDC
_cCDC
_dm.c.
_dLBB
041 1 _aengchi
049 _aLBBK
082 _a248.4
_bNEE
092 _a248.4
_bN372
100 1 0 _aNee, Watchman.
_9331
245 1 4 _aThe normal Christian worker /
_cBy Watchman Nee.
250 _a[1st ed.]
260 0 _aHong Kong :
_bHong Kong Church Book Room,
_c[1965, 1975 printing]
300 _avii, 133 p. ;
_c19 cm.
500 _a"The substance of a series of messages given to a group of fellow-workers in China, 1948."
500 _a"Translated from Chinese."
650 0 _aChristian life.
_9183
942 _2ddc
_cBK
_01
999 _c1686
_d1686